| 000 | 00839nam a22001937a 4500 | ||
|---|---|---|---|
| 005 | 20230918122405.0 | ||
| 010 | _aHIN-126021 | ||
| 020 |
_a8174531939 _c1195.00 |
||
| 035 | _aHN-98367 | ||
| 037 | _bDBAD/PUB | ||
| 082 | _a401.802 | ||
| 100 |
_aमिश्र, नरेश _956811 |
||
| 245 |
_aभाषाविज्ञान और हिंदी भाषा / _cनरेश मिश्र |
||
| 260 |
_bसंजय प्रकाशन _aनई दिल्ली _c2022 |
||
| 270 |
_a4378/4 बी 209 जे एम डी हाउस गली मुरारीलाल अंसारी रोड दरियागंज _e110002 _bदिल्ली |
||
| 300 |
_a390 पृ. _c23 सेमी (सजिल्द) |
||
| 942 |
_cHN _2ddc _h401.802 _mमिश्रन |
||
| 999 |
_c198275 _d198275 |
||